| 000 | 00702nas a2200241 4500 | ||
|---|---|---|---|
| 001 | BR2011001754 | ||
| 003 | BR-BrBNA | ||
| 005 | 20231205114535.0 | ||
| 007 | ta | ||
| 008 | 230509b bl.|||p| |||| 00| 00por d | ||
| 040 |
_aBR-BrBNA _bpor _cBiblioteca Nacional de Agricultura |
||
| 041 | _a(En) | ||
| 072 | _aF62 | ||
| 100 | 1 | _aBustingorri, C. | |
| 100 | 1 | _aLavado, R.S. | |
| 245 | 1 | _aSoybean growth under stable versus peak salinity | |
| 650 | _aSOJA | ||
| 650 | _aCRESCIMENTO | ||
| 650 | _aÁGUA DE IRRIGAÇÃO | ||
| 773 | 0 |
_tScientia Agricola (Brazil) _xISSN 0103-9016 _g(Jan-Feb 2011), v. 68(1) p. 102-108 _wBR2011001754 |
|
| 909 |
_a202311 _bLúcia _c55 _dLúcia Elande |
||
| 942 |
_2AGRIS _n0 _cANA |
||
| 999 |
_c209238 _d209238 |
||